书目信息 |
| 题名: |
中国史诗
|
|
| 作者: | 仁钦道尔吉 , 郎樱 著 | |
| 分册: | ||
| 出版信息: | 南京 江苏凤凰文艺出版社 2016 |
|
| 页数: | 591页 | |
| 开本: | 24cm | |
| 丛书名: | ||
| 单 册: | ||
| 中图分类: | I227.3 | |
| 科图分类: | ||
| 主题词: | 史诗--shi shi--诗集--中国--当代 | |
| 电子资源: | ||
| ISBN: | 978-7-5399-8832-0 | |
| 000 | 00921nam0 22002531 450 | |
| 001 | 1760997134 | |
| 005 | 20170619171948.0 | |
| 010 | @a978-7-5399-8832-0@b精装@dCNY180.00 | |
| 100 | @a20170227d2016 em y0chiy50 ea | |
| 101 | 0 | @achi |
| 102 | @aCN@b320000 | |
| 105 | @ay z 000gy | |
| 106 | @ar | |
| 200 | 1 | @a中国史诗@9zhong guo shi shi@f仁钦道尔吉,郎樱著 |
| 210 | @a南京@c江苏凤凰文艺出版社@d2016 | |
| 215 | @a591页@d24cm | |
| 300 | @a国家出版基金项目 | |
| 330 | @a本书立足于我国丰富的史诗资源,在对我国三大史诗《格萨尔》《江格尔》《玛纳斯》及南方原始性史诗进一步深入研究的基础上,对中国少数民族史诗进行了综合梳理与比较研究,并提出了一系列独到见解。 | |
| 606 | 0 | @a史诗@9shi shi@x诗集@y中国@z当代 |
| 690 | @aI227.3@v5 | |
| 701 | 0 | @c(蒙族)@a仁钦道尔吉@9ren qin dao er ji@f(1936~)@4著 |
| 701 | 0 | @a郎樱@9lang ying@c(女,@f1941~)@4著 |
| 801 | 0 | @aCN@b百万庄@c20170619 |
| 905 | @b1013850-2@dI227.3@e494@f3 | |
| 中国史诗/仁钦道尔吉,郎樱著 .-南京:江苏凤凰文艺出版社,2016 |
| 591页;24cm |
| 国家出版基金项目 |
| ISBN 978-7-5399-8832-0(精装):CNY180.00 |
| 本书立足于我国丰富的史诗资源,在对我国三大史诗《格萨尔》《江格尔》《玛纳斯》及南方原始性史诗进一步深入研究的基础上,对中国少数民族史诗进行了综合梳理与比较研究,并提出了一系列独到见解。 |
| ● |
| 相关链接 |
|
|
|
|
正题名:中国史诗
索取号:I227.3/494
 
预约/预借
| 序号 | 登录号 | 条形码 | 馆藏地/架位号 | 状态 | 备注 |
| 1 | 1013850 | 210138509 | 第一样本阅览室/ [索取号:I227.3/494] | 在馆 | |
| 2 | 1013851 | 210138518 | 第二借阅区/ [索取号:I227.3/494] | 在馆 | |
| 3 | 1013852 | 210138527 | 教育系资料室/ [索取号:I227.3/494] | 在馆 |